| 000 | 00384nam a2200157Ia 4500 | ||
|---|---|---|---|
| 003 | 0STCL | ||
| 008 | 150530s9999 xx 000 0 und d | ||
| 040 |
_aSTCL _cSTCL |
||
| 100 | _aChristie, A.; Chaplen; Ed | ||
| 245 | _aWitness for the prosecution | ||
| 260 |
_bOxford University press _c1969 |
||
| 546 | _aEnglish | ||
| 942 |
_2ddc _cBK |
||
| 999 |
_c56479 _d56479 |
||
| 005 | 20220125171010.0 | ||